000 01182nam0a22003251 4500
001 v19\rc\1425124
005 20250618112903.0
035 _a(NLR Aleph) 004550922
090 _a2140651
_c2140651
100 _a20060512e18851885|||y0rusy50 ca
101 0 _arus
102 _aRU
105 _ay z |||||
200 1 _aИсторические соприкосновения России и Северной Америки по военно-морским вопросам
_f[Пав. Мордовин]
210 _a[Санкт-Петербург
_d1885]
215 _a34 с.
_d21
300 _aАвт. указан в конце текста
309 _aБез тит. л. и обл.
311 _aИз "Морского сб." 1885, № 10
488 0 _12001#$aМорской сборник$v1885, № 10
_tМорской сборник
700 1 _aМордовин
_bП.А.
_f-1907
_gПавел Александрович
801 0 _aRU
_bNLR
_gpsbo
801 0 _aRU
_bRuMoRGB
_2psbo
801 1 _aRU
_bProSoft-M
_2rusmarc
852 _aNLR
_j18.198.2.369
899 _aRuMoRGB
_jΔ 350/311
899 _aRuMoRGB
_jЪ 355/55
899 _aБАН
942 _cBOOK
980 _aNB